Renewable energy technologies in Africa (Record no. 80044)

MARC details
000 -LEADER
fixed length control field 00980nam a2200241 a 4500
008 - FIXED-LENGTH DATA ELEMENTS--GENERAL INFORMATION
fixed length control field 120416s1997 ||||||||||||||||| || u
020 ## - INTERNATIONAL STANDARD BOOK NUMBER
International Standard Book Number 1856490890
050 ## - LIBRARY OF CONGRESS CALL NUMBER
Classification number TJ 807.9.A35 Kar
100 ## - MAIN ENTRY--PERSONAL NAME
Personal name Ranja, Timothy, 1972-
245 10 - TITLE STATEMENT
Title Renewable energy technologies in Africa
260 ## - PUBLICATION, DISTRIBUTION, ETC.
Place of publication, distribution, etc. London
Name of publisher, distributor, etc. Zed Books
Date of publication, distribution, etc. 1997
300 ## - PHYSICAL DESCRIPTION
Extent xvi, 269 p. : ill.
350 ## -
-- 0.00
490 ## -
-- African energy policy research
500 ## - GENERAL NOTE
General note Bibliography
650 ## - SUBJECT ADDED ENTRY--TOPICAL TERM
Topical term or geographic name entry element ENERGY
650 ## - SUBJECT ADDED ENTRY--TOPICAL TERM
Topical term or geographic name entry element Renewable energy sources - Africa
700 ## - ADDED ENTRY--PERSONAL NAME
Personal name Karekezi, Stephen
710 ## - ADDED ENTRY--CORPORATE NAME
Corporate name or jurisdiction name as entry element Stockholm Environment Institute
710 ## - ADDED ENTRY--CORPORATE NAME
Corporate name or jurisdiction name as entry element African Energy Policy Research Network
995 ## -
-- MAIN LIBRARY OPEN ACCESS
-- 0.00
-- 729632
-- CBU-MAIN LIBRARY (Kitwe)
-- 1
-- 85.00
-- TJ 807.9.A35 Kar
-- 1
-- AVAILABLE
-- 021819
-- Main Library Open Access Collection
995 ## -
-- MAIN LIBRARY OPEN ACCESS
-- 0.00
-- 729633
-- CBU-MAIN LIBRARY (Kitwe)
-- 2
-- 85.00
-- TJ 807.9.A35 Kar
-- 2
-- AVAILABLE
-- 021827
-- Main Library Open Access Collection
999 ## -
-- 80044
-- 80044
Holdings
Withdrawn status Lost status Source of classification or shelving scheme Damaged status Not for loan Permanent Location Current Location Shelving location Date acquired Total Checkouts Full call number Barcode Date last seen Copy number Price effective from Koha item type
          CBU-MAIN LIBRARY, KITWE. CBU-MAIN LIBRARY, KITWE.   06/29/2023   TJ 807.9.A35 Kar 021819 06/29/2023 1 06/29/2023 MONOGRAPH
          CBU-MAIN LIBRARY, KITWE. CBU-MAIN LIBRARY, KITWE.   06/29/2023   TJ 807.9.A35 Kar 021827 06/29/2023 2 06/29/2023 MONOGRAPH